| 000 | 00897nam a22002057a 4500 | ||
|---|---|---|---|
| 003 | 0 | ||
| 005 | 20250213144321.0 | ||
| 008 | 250213b xxu||||| |||| 00| 0 eng d | ||
| 050 |
_aZ 286.B65 _b.V37 2023 |
||
| 100 | _aVargas, Ysabelle Denise A. | ||
| 245 |
_aBook capsule: _bcreating an online nearby book exchange system with GPS integration. _cYsabelle Denise A. Vargas |
||
| 260 |
_aLas Pinas City _bSouthville International School and Colleges _c2023 |
||
| 300 |
_axv, 169 pages: _bcolored pictures and illustration; _c28cm. |
||
| 500 | _aBachelor of Science in Information Technology. | ||
| 504 | _aIncludes bibliographical references and appendices. | ||
| 650 | _aBook Exchange Systems—Online and digital platforms. | ||
| 650 | _aGeographic Information Systems (GIS)—Book location -- Tracking. | ||
| 650 | _aWeb and mobile applications—Book Exchange Networks. | ||
| 942 |
_2lcc _cTH |
||
| 999 |
_c367204 _d367204 |
||